000 00587nam a2200181 i 4500
001 23349
003 ES-MaACL
005 20230906152845.0
007 t|
008 021210s1953 sp ||||1| spa d
080 _a821.134.2-84(082.2)
100 1 _aAlvarez Angulo, Tomás.
_920692
245 1 3 _aEl refranero español y su sabiduria :
_bconferencia pronunciada en la Sorbona el 18 de abril de 1953 /
_cTomás Álvarez Angulo.
260 _aMadrid :
_b[s.n.],
_c1953.
300 _a33 p. ;
_c24 cm.
650 4 _aRefranes y proverbios-
_zEspaña.
_916726
852 4 _aES-MaACL
_j1963-F-8
999 _c23349
_d23349